Léleképítés helyett újabb próbatételek Egy év az oktatásügyben

Bibliographic Details
Main Author: Mihályi Molnár, László, 1953- (Author)
Format: Article
Language:Hungarian
Subjects:

MARC

LEADER 00000nab a2200000 a 4500
001 vtls000570093
003 SK-MaSNL
005 20260319074605.0
008 160202c1995 xo 0 hun
015 |a SNBRB19rr/mm-uuuuu 
035 |a CL0570231 
040 |a SNKBUCL  |b slo  |c SNKBUCL  |e AACR2 
041 0 |a hun 
044 |a xo  |c SK 
080 |a 376.7(437.6=945.11)  |2 1981 
100 1 |a Mihályi Molnár, László,  |d 1953-  |4 aut  |9 103281 
245 1 0 |a Léleképítés helyett újabb próbatételek  |b Egy év az oktatásügyben  |c László Mihályi Molnár 
650 0 7 |a školstvo národnostné maďarské  |2 snkbucl  |9 893806 
655 7 |a články z novín a časopisov  |2 snkbucl  |9 267496 
773 0 |t Szabad újság  |g Roč. 3, č. 51-52 (1995), s. 10 
850 |a Slovenská národná knižnica v Martine  |a DSG001 
852 |a SNK  |b KIS3GCP 
958 |a RK 
958 |a HU 
958 |a SK 
992 |a RBX 
999 |c 1603534  |d 1605464